Music Quiz

Random Music or Clickable Quiz

Bands That Peaked at #2 Quiz Stats

 Plays Quiz Updated Jun 19, 2016

Challenge
Share
Tweet
Embed
Score 0/28 Timer 04:00
9 Plays Today
% Correct
The Village People
94.4%
Sister Sledge
82.2%
Steppenwolf
82%
Creedence Clearwater Revival
80.2%
Nena
80.1%
Green Day
78.1%
Sheryl Crow
75.4%
Wang Chung
73.9%
The Moody Blues
70.6%
The Allman Brothers Band
70%
Eddy Grant
63.5%
The Kingsmen
62.7%
Crystal Gayle
59.9%
Shania Twain
59.3%
% Correct
Gerry Rafferty
59.2%
Journey
59%
Missy Elliott
57.9%
Faith Hill
55.3%
LeAnn Rimes
54.4%
Gary Wright
46.6%
Jesus Jones
46.6%
The Hollies
45.8%
The Zombies
45.5%
The Cure
43.6%
Pearl Jam
42.2%
Blood, Sweat & Tears
40.3%
Lenny Kravitz
40.1%
Brian McKnight
40%

You're not logged in!

Compare scores with friends on all Sporcle quizzes.
Join for Free
OR
Log In

You Might Also Like...

Show Comments

Extras

Top Quizzes Today


Score Distribution

Your Account Isn't Verified!

In order to create a playlist on Sporcle, you need to verify the email address you used during registration. Go to your Sporcle Settings to finish the process.

Report this User

Report this user for behavior that violates our Community Guidelines.

Details: